• 首页
  • 本馆介绍
  • 公告通知
  • 最新文献
  • 馆藏检索
  • 电子资源
  • 读者导购
  • 参考咨询
  • 我的图书馆
  • 登录
  • 详细信息显示
  • 放入我的书架
  • 预约/预借图书
  • 作者相关作品
  • 分类相关作品
  • 丛书相关作品
  • 出版社相关作品

书目信息

  • 表格格式
  • 工作单格式
  • 卡片格式
题名:
在天涯
    
 
作者: 北岛 著
分册:  
出版信息: 北京   生活·读书·新知三联书店  2015.6
页数: 202页,[6] 叶图版
开本: 20cm
丛书名:
单 册:
中图分类: I227.1
科图分类:
主题词: 新诗--诗集--中国--1989-2008 , 诗集 , 中国
电子资源:
ISBN: 978-7-108-05260-5
000 00666nam0 2200253 450
001 351875
005 20161017142220.89
010    @a978-7-108-05260-5@b精装@dCNY52.00
100    @a20150905d2015 em y0chiy50 ea
101 0  @achi
102    @aCN@b110000
105    @aaf z 000gy
106    @ar
200 1  @a在天涯@e诗选 1989-2008@f北岛著
210    @a北京@c生活·读书·新知三联书店@d2015.6
215    @a202页,[6] 叶图版@c图@d20cm
517 1  @a诗选 1989-2008
606 0  @a新诗@x诗集@y中国@z1989-2008
606 0  @a诗集
606 0  @a中国
690    @aI227.1@v5
701  0 @a北岛@4著
801  0 @aCN@bTANGWEI@c20161010
905    @b0896955-9@dI227.1@e376@f5
    
    在天涯:诗选 1989-2008/北岛著.-北京:生活·读书·新知三联书店,2015.6
    202页,[6] 叶图版:图;20cm
    
    
    ISBN 978-7-108-05260-5(精装):CNY52.00
    
●
相关链接 在E读中查询图书 在五车中查询图书 在当当中查询图书 在豆瓣中查询图书


正题名:在天涯     索取号:I227.1/376         预约/预借

序号 登录号 条形码 馆藏地/架位号 状态 备注
1 0896955   208969552   第一样本阅览室/ [索取号:I227.1/376] 在馆    
2 0896956   208969561   第二借阅区/ [索取号:I227.1/376] 在馆    
3 0896957   208969570   第二借阅区/ [索取号:I227.1/376] 在馆    
4 0896958   208969589   第二借阅区/ [索取号:I227.1/376] 在馆    
5 0896959   208969598   第二借阅区/ [索取号:I227.1/376] 在馆    
唐山师范学院图书馆 欢迎您!
大连网信软件有限公司© 版权所有